| 000 | 00826nam a2200265 a 4500 | ||
|---|---|---|---|
| 001 | 52721 | ||
| 003 | BD-RjUL | ||
| 005 | 20211209075841.0 | ||
| 008 | 160926s1973 ii ||||| |||| 001 0 eng d | ||
| 020 | _c: IRs. 45.00 (V-1) | ||
| 035 | _a(BD-RjUL)52841 | ||
| 040 |
_aBD-RjUL _beng _cBD-RjUL _dBD-RjUL |
||
| 041 | _aeng | ||
| 082 |
_223 _a294.594 _bGOH 1973 |
||
| 100 | 1 |
_aGour, Hari Singh _9142061 |
|
| 245 | 1 | 4 |
_aThe Hindu code being a codified statement of Hindu law with a commentary thereon and relevant acts annotated / _cby Hari Singh Gour ;Revised by B. Malik ... [et al.] |
| 250 | _a5th ed. | ||
| 260 |
_aAllahabad : _bLaw Publishers, _c1973. |
||
| 300 |
_av. ; _c22 cm. |
||
| 500 | _aIncludes index. | ||
| 505 | 0 | _aVol. 1 -- | |
| 650 |
_aHindu Law _9157677 |
||
| 700 |
_aMalik, B. _9144113 |
||
| 942 |
_2ddc _cBK |
||
| 999 |
_c52721 _d52721 |
||